00269nam a2200097Ia 4500008004100000100001500041245005300056260003800109300000800147650001600155191201s2017 xx 000 0 und d aLINZ,Peter 0aAn Introduction to Formal Languages and Automata bJones and Bartdell Learningc2017 a449 aB.Tech(CSE)